[Event "GRENKE Chess Open 2024"]
[Site "Karlsruhe"]
[Date "2024.03.29"]
[Round "3.21"]
[White "Hampel, Felix"]
[Black "Parkhov, Yair"]
[Result "1/2-1/2"]
[WhiteElo "2294"]
[BlackElo "2518"]
[Annotator "TA"]
[PlyCount "115"]
[EventDate "2024.03.28"]
[EventType "swiss"]
[EventCountry "GER"]
[SourceTitle "playchess.com"]
[Source "ChessBase"]
[SourceQuality "1"]

1. Nf3 d5 2. e3 Nf6 3. c4 e6 4. Nc3 dxc4 5. Bxc4 a6 6. a4 c5 7. O-O Nc6 8. Qe2 Be7 9. Rd1 O-O 10. d4 Qc7 11. h3 h6 12. dxc5 Bxc5 13. e4 e5 14. Be3 Bxe3 15. Qxe3 Be6 16. Nd5 Bxd5 17. exd5 Nd4 18. Nxd4 Qxc4 19. Nf5 Qe4 20. Qxe4 Nxe4 21. Re1 Nf6 22. Rxe5 Rfe8 23. Rxe8+ Rxe8 24. Rd1 Kf8 25. Nd6 Rb8 26. Nc4 Nd7 27. Rd4 b5 28. Ne3 bxa4 29. Rxa4 Rxb2 30. Rxa6 g6 31. Ra7 Nc5 32. d6 Rb7 33. Ra8+ Kg7 34. Nc4 Kf6 35. Rc8 Nd7 36. Re8 Rb4 37. Ne3 Rd4 38. Ng4+ Kg7 39. Rd8 Rxd6 40. Ne5 Kf6 41. Nxd7+ Ke7 42. Rh8 Rxd7 43. Rxh6 Kf6 44. Rh4 Rd3 45. Ra4 Rb3 46. Kh2 Kg7 47. g4 g5 48. Ra5 Kg6 49. Rf5 f6 50. f3 Rb1 51. Kg3 Rg1+ 52. Kf2 Rh1 53. Kg2 Ra1 54. h4 gxh4 55. Rh5 Ra2+ 56. Kh3 Ra1 57. Rxh4 f5 58. gxf5+ 1/2-1/2

[Event "GRENKE Chess Open 2024"]
[Site "Karlsruhe"]
[Date "2024.03.29"]
[Round "3.22"]
[White "Trifan, Andrei Ioan"]
[Black "Tiglon, Bryce"]
[Result "0-1"]
[WhiteElo "2294"]
[BlackElo "2509"]
[Annotator "TA"]
[PlyCount "66"]
[EventDate "2024.03.28"]
[EventType "swiss"]
[EventCountry "GER"]
[SourceTitle "playchess.com"]
[Source "ChessBase"]
[SourceQuality "1"]

1. Nf3 Nf6 2. c4 c5 3. g3 d5 4. cxd5 Nxd5 5. Bg2 Nc6 6. Nc3 Nc7 7. Qa4 Bd7 8. Qe4 g6 9. Ne5 Bg7 10. Nxd7 Qxd7 11. O-O O-O 12. Qc4 Ne6 13. d3 Rac8 14. Be3 Rfd8 15. Rac1 b6 16. Rfe1 Ned4 17. Qa4 h6 18. a3 Na5 19. Qxd7 Rxd7 20. Rb1 c4 21. Bxd4 Bxd4 22. Nb5 Bf6 23. Rec1 a6 24. b4 Nb3 25. Rxb3 axb5 26. dxc4 bxc4 27. Rd3 Ra7 28. Bh3 Rcc7 29. Rd8+ Kg7 30. Rb8 Rxa3 31. Rxb6 Ra1 32. Rxa1 Bxa1 33. Ra6 Bb2 0-1

[Event "GRENKE Chess Open 2024"]
[Site "Karlsruhe"]
[Date "2024.03.29"]
[Round "3.23"]
[White "Costa, Leonardo"]
[Black "Wyss, Jonas"]
[Result "1-0"]
[WhiteElo "2479"]
[BlackElo "2293"]
[Annotator "TA"]
[PlyCount "61"]
[EventDate "2024.03.28"]
[EventType "swiss"]
[EventCountry "GER"]
[SourceTitle "playchess.com"]
[Source "ChessBase"]
[SourceQuality "1"]

1. e4 e6 2. d4 d5 3. e5 c5 4. c3 Qb6 5. Nf3 Nc6 6. a3 Nh6 7. Bd3 cxd4 8. O-O Bd7 9. b4 dxc3 10. Nxc3 Rc8 11. Bb2 Na5 12. bxa5 Qxb2 13. Na4 Bxa4 14. Qxa4+ Kd8 15. h3 Rc7 16. a6 b6 17. Nd4 Bc5 18. Nb5 Qxe5 19. Nxc7 Qxc7 20. Rac1 g5 21. Rc2 g4 22. hxg4 Rg8 23. g5 Qg3 24. Rxc5 Qxd3 25. Rc8+ Kxc8 26. Qc6+ Kd8 27. Qd6+ Ke8 28. Rc1 Qxa6 29. Rc7 Nf5 30. Qd7+ Kf8 31. Qxf7# 1-0

[Event "GRENKE Chess Open 2024"]
[Site "Karlsruhe"]
[Date "2024.03.29"]
[Round "3.24"]
[White "Feuerstack, Aljoscha"]
[Black "Arnold, Max"]
[Result "1/2-1/2"]
[WhiteElo "2471"]
[BlackElo "2290"]
[Annotator "TA"]
[PlyCount "69"]
[EventDate "2024.03.28"]
[EventType "swiss"]
[EventCountry "GER"]
[SourceTitle "playchess.com"]
[Source "ChessBase"]
[SourceQuality "1"]

1. e4 c5 2. Nf3 e6 3. d4 cxd4 4. Nxd4 Nc6 5. Bf4 d6 6. Nxc6 bxc6 7. c4 Rb8 8. Qc2 e5 9. Be3 Nf6 10. Nc3 Qa5 11. Be2 Be7 12. O-O O-O 13. Rfd1 Be6 14. a3 Qc7 15. Rac1 a5 16. h3 Qb7 17. Rd2 d5 18. exd5 cxd5 19. cxd5 Nxd5 20. Nxd5 Bxd5 21. Qf5 Be4 22. Qxe5 Bf6 23. Qxa5 Bxb2 24. Rc4 Ra8 25. Qg5 Bxa3 26. Bd4 f6 27. Qg3 Rf7 28. Rc3 Bf8 29. Bc4 Bd5 30. Rb2 Qd7 31. Bb5 Qd6 32. Qxd6 Bxd6 33. Rb1 Rb7 34. Rcc1 Rab8 35. Bd3 1/2-1/2

[Event "GRENKE Chess Open 2024"]
[Site "Karlsruhe"]
[Date "2024.03.29"]
[Round "3.25"]
[White "Weber, Samuel"]
[Black "Ghimpu, Samuel-Timotei"]
[Result "1/2-1/2"]
[WhiteElo "2293"]
[BlackElo "2467"]
[Annotator "TA"]
[PlyCount "58"]
[EventDate "2024.03.28"]
[EventType "swiss"]
[EventCountry "GER"]
[SourceTitle "playchess.com"]
[Source "ChessBase"]
[SourceQuality "1"]

1. e4 e6 2. d3 d5 3. Nd2 Nf6 4. Ngf3 Nc6 5. a3 a5 6. e5 Nd7 7. d4 Be7 8. Nb1 f6 9. exf6 Bxf6 10. Nc3 O-O 11. Be2 Nb6 12. Be3 Bd7 13. O-O Be8 14. Nb5 Be7 15. a4 Bg6 16. b3 Nc8 17. Ne5 Nd6 18. Nxg6 hxg6 19. Nxd6 Bxd6 20. Bd3 Qf6 21. Qg4 e5 22. Bxg6 Ne7 23. Bd3 e4 24. Be2 Nf5 25. c3 Nxe3 26. fxe3 Qh6 27. Qh3 Qxh3 28. gxh3 g6 29. Bg4 Kg7 1/2-1/2

[Event "GRENKE Chess Open 2024"]
[Site "Karlsruhe"]
[Date "2024.03.29"]
[Round "3.26"]
[White "Bazakutsa, Svyatoslav"]
[Black "Manish Anto Cristiano F"]
[Result "0-1"]
[WhiteElo "2462"]
[BlackElo "2286"]
[Annotator "TA"]
[PlyCount "80"]
[EventDate "2024.03.28"]
[EventType "swiss"]
[EventCountry "GER"]
[SourceTitle "playchess.com"]
[Source "ChessBase"]
[SourceQuality "1"]

1. c4 Nf6 2. Nc3 e6 3. e4 d5 4. e5 d4 5. exf6 dxc3 6. bxc3 Qxf6 7. d4 b6 8. Be2 Bb7 9. Bf3 Bxf3 10. Nxf3 Bd6 11. Qa4+ c6 12. O-O O-O 13. Rb1 Qd8 14. Be3 Bc7 15. Rfd1 Qc8 16. d5 cxd5 17. cxd5 exd5 18. Rxd5 Nc6 19. Rh5 g6 20. Rh4 Ne5 21. Ng5 Qf5 22. Rd1 h5 23. Rf4 Qc8 24. h3 Qe8 25. Qe4 Rd8 26. Bd4 f6 27. Qb7 Qc6 28. Qa6 fxg5 29. Rxf8+ Rxf8 30. Re1 Re8 31. Re3 Nf7 32. Rxe8+ Qxe8 33. g3 Be5 34. Qe2 Kf8 35. Be3 Qc6 36. c4 Kg7 37. Bxg5 Nxg5 38. Qxe5+ Qf6 39. Qc7+ Kh6 40. Qxa7 Ne4 0-1

[Event "GRENKE Chess Open 2024"]
[Site "Karlsruhe"]
[Date "2024.03.29"]
[Round "3.27"]
[White "Kuberczyk, Christoph"]
[Black "Koellner, Ruben Gideon"]
[Result "1/2-1/2"]
[WhiteElo "2290"]
[BlackElo "2453"]
[Annotator "RC"]
[PlyCount "111"]
[EventDate "2024.03.28"]
[EventType "swiss"]
[EventCountry "GER"]
[SourceTitle "playchess.com"]
[Source "ChessBase"]
[SourceQuality "1"]

1. d4 d6 2. e4 Nf6 3. Nc3 e5 4. Nf3 Nbd7 5. a4 Be7 6. Bc4 O-O 7. O-O exd4 8. Nxd4 Re8 9. Re1 Ne5 10. Ba2 Bg4 11. f3 Bd7 12. Be3 a6 13. Qd2 c5 14. Nf5 Bxf5 15. exf5 Qd7 16. Nd5 Rad8 17. Bf4 Nxd5 18. Qxd5 Bf6 19. Re4 b5 20. Rae1 c4 21. Kh1 Qxf5 22. axb5 axb5 23. Qxb5 d5 24. g4 Qd7 25. Qxd7 Rxd7 26. R4e3 Ra8 27. Bxc4 dxc4 28. Bxe5 Bxe5 29. Rxe5 g6 30. Re8+ Rxe8 31. Rxe8+ Kg7 32. Re2 f5 33. Kg2 Kf6 34. h4 h6 35. Kg3 Rd1 36. Kf4 g5+ 37. hxg5+ hxg5+ 38. Ke3 fxg4 39. fxg4 Rg1 40. Kf3 Rf1+ 41. Kg2 Rb1 42. c3 Rd1 43. Kf2 Rb1 44. Ke3 Rg1 45. Kf3 Rf1+ 46. Kg2 Rd1 47. Re4 Rd2+ 48. Kf3 Rxb2 49. Rxc4 Ke6 50. Rd4 Rc2 51. c4 Rc3+ 52. Ke4 Rg3 53. Rd5 Rxg4+ 54. Kf3 Rf4+ 55. Kg3 Rxc4 56. Rxg5 1/2-1/2

[Event "GRENKE Chess Open 2024"]
[Site "Karlsruhe"]
[Date "2024.03.29"]
[Round "3.28"]
[White "Haring, Filip"]
[Black "Le Goff, Ronan"]
[Result "1/2-1/2"]
[WhiteElo "2452"]
[BlackElo "2286"]
[Annotator "RC"]
[PlyCount "228"]
[EventDate "2024.03.28"]
[EventType "swiss"]
[EventCountry "GER"]
[SourceTitle "playchess.com"]
[Source "ChessBase"]
[SourceQuality "1"]

1. e4 e5 2. Nf3 Nc6 3. Bc4 Nf6 4. d3 h6 5. O-O d6 6. a4 g6 7. a5 a6 8. c3 Bg7 9. Re1 O-O 10. Nbd2 b5 11. axb6 cxb6 12. Bb3 Bb7 13. d4 exd4 14. cxd4 Re8 15. e5 dxe5 16. dxe5 Nd7 17. e6 fxe6 18. Qc2 Nf8 19. Ne4 Nb4 20. Qc4 Nd3 21. Rd1 b5 22. Qxd3 Qxd3 23. Rxd3 Bxe4 24. Rd6 a5 25. Nd2 Bf5 26. Bd1 Rac8 27. Be2 Rc5 28. g4 Bc2 29. Rxa5 Be5 30. Rda6 Ba4 31. Nc4 Bb3 32. Nxe5 Rxc1+ 33. Kg2 Re1 34. Bxb5 Bd5+ 35. Nf3 Re7 36. Bc6 Re2 37. Bxd5 exd5 38. Ra8 Rxb2 39. Rxd5 Kg7 40. Rdd8 Rf7 41. h4 Rc2 42. Rdb8 Re2 43. Kg3 Re4 44. g5 h5 45. Nh2 Re1 46. Nf3 Re4 47. Rb3 Rg4+ 48. Kh2 Rgf4 49. Kg2 Rg4+ 50. Kf1 Rgf4 51. Kg2 Rg4+ 52. Kf1 Rgf4 53. Raa3 Ne6 54. Rd3 Rb4 55. Rab3 Ra4 56. Ra3 Rb4 57. Rdb3 Rbf4 58. Rd3 Rb4 59. Rab3 Nc5 60. Rxb4 Nxd3 61. Re4 Rxf3 62. Ke2 Rh3 63. f3 Nc5 64. Re5 Rh2+ 65. Ke3 Rc2 66. f4 Rc4 67. Re7+ Kf8 68. Rc7 Rc3+ 69. Ke2 Ne4 70. Ra7 Ng3+ 71. Kd2 Rc6 72. Kd3 Re6 73. Kc4 Re7 74. Ra6 Kg7 75. Kd5 Nf5 76. Ra3 Nxh4 77. Kd6 Nf5+ 78. Kd5 Rf7 79. Ke5 Nh4 80. Ra4 Ng2 81. Rb4 Nxf4 82. Rxf4 Rxf4 83. Kxf4 Kf7 84. Kf3 Ke6 85. Ke4 Kd6 86. Kd4 Kc6 87. Ke4 Kc5 88. Ke5 Kc4 89. Ke4 Kc3 90. Ke3 Kb4 91. Kd4 Ka5 92. Ke5 Ka6 93. Ke4 Kb7 94. Kd5 Kc7 95. Ke5 Kb8 96. Ke4 Kc8 97. Kd4 Kd8 98. Ke4 Ke8 99. Kd4 Kd7 100. Kd5 Kc7 101. Ke5 Kb8 102. Ke4 Ka8 103. Kd4 Ka7 104. Ke3 Kb7 105. Kd3 Kc7 106. Ke3 Kd7 107. Kd3 Kc6 108. Ke4 Kb6 109. Kd4 Kb5 110. Kd5 Ka5 111. Ke5 Ka6 112. Ke4 Ka7 113. Ke3 Kb8 114. Ke4 Kc8 1/2-1/2

[Event "GRENKE Chess Open 2024"]
[Site "Karlsruhe"]
[Date "2024.03.29"]
[Round "3.29"]
[White "Barzen, Pascal"]
[Black "Buckels, Valentin"]
[Result "0-1"]
[WhiteElo "2286"]
[BlackElo "2450"]
[Annotator "TA"]
[PlyCount "104"]
[EventDate "2024.03.28"]
[EventType "swiss"]
[EventCountry "GER"]
[SourceTitle "playchess.com"]
[Source "ChessBase"]
[SourceQuality "1"]

1. e4 e5 2. Nf3 Nc6 3. Bb5 a6 4. Ba4 d6 5. O-O Bd7 6. c3 Nge7 7. d4 Ng6 8. d5 Nb8 9. Bxd7+ Qxd7 10. c4 Be7 11. Nc3 O-O 12. Qd3 f5 13. exf5 Qxf5 14. Qxf5 Rxf5 15. Ne4 Nd7 16. Be3 a5 17. b3 h6 18. a3 Rff8 19. b4 Nf6 20. Nfd2 b5 21. Nxf6+ Bxf6 22. bxa5 Rxa5 23. c5 Ne7 24. cxd6 cxd6 25. Ne4 Nxd5 26. Bd2 Ra6 27. Rfd1 Be7 28. Bxh6 Nb6 29. Bg5 Bxg5 30. Nxg5 Nc4 31. Ne4 Rb8 32. Kf1 Kf7 33. Ke2 Ke6 34. h4 Rbb6 35. h5 Rxa3 36. Rac1 d5 37. Nc3 d4 38. Nxb5 Ra2+ 39. Kf1 Rxb5 40. Rxc4 Rbb2 41. Rc6+ Kd5 42. Rg6 Rxf2+ 43. Kg1 Rf5 44. g4 Rf7 45. Rb6 e4 46. Rb8 d3 47. g5 Rff2 48. h6 Rg2+ 49. Kf1 gxh6 50. gxh6 Rh2 51. Rd8+ Ke5 52. Re8+ Kd4 0-1

[Event "GRENKE Chess Open 2024"]
[Site "Karlsruhe"]
[Date "2024.03.29"]
[Round "3.30"]
[White "Froewis, Georg"]
[Black "Unzicker, Ferdinand"]
[Result "1-0"]
[WhiteElo "2450"]
[BlackElo "2284"]
[Annotator "TA"]
[PlyCount "65"]
[EventDate "2024.03.28"]
[EventType "swiss"]
[EventCountry "GER"]
[SourceTitle "playchess.com"]
[Source "ChessBase"]
[SourceQuality "1"]

1. c4 e6 2. Nc3 d5 3. e3 g6 4. Nf3 Bg7 5. d4 Ne7 6. Be2 O-O 7. O-O b6 8. Qc2 Bb7 9. Rd1 Nd7 10. e4 dxe4 11. Nxe4 Nf6 12. Nxf6+ Bxf6 13. b3 Bg7 14. Bb2 c6 15. Rd2 Qc7 16. Rad1 Rad8 17. Bd3 Nf5 18. Bxf5 gxf5 19. Rd3 Qe7 20. Qe2 Bf6 21. Ne5 Kh8 22. d5 cxd5 23. cxd5 Rg8 24. Nc6 Bxc6 25. dxc6 Rxd3 26. Bxf6+ Qxf6 27. Qxd3 Qg7 28. g3 Qe5 29. Rc1 Rc8 30. c7 Qd5 31. Qa6 Qa8 32. a4 Kg7 33. b4 1-0

[Event "GRENKE Chess Open 2024"]
[Site "Karlsruhe"]
[Date "2024.03.29"]
[Round "3.31"]
[White "Frank, Adam"]
[Black "Saraci, Nderim"]
[Result "1-0"]
[WhiteElo "2284"]
[BlackElo "2450"]
[Annotator "TA"]
[PlyCount "109"]
[EventDate "2024.03.28"]
[EventType "swiss"]
[EventCountry "GER"]
[SourceTitle "playchess.com"]
[Source "ChessBase"]
[SourceQuality "1"]

1. e4 e5 2. Nf3 Nc6 3. Bb5 a6 4. Ba4 g6 5. d4 exd4 6. Nxd4 Bg7 7. Be3 Nge7 8. Nc3 O-O 9. O-O d6 10. Nd5 Ne5 11. Bg5 f6 12. Bb3 Kh8 13. Bf4 c6 14. Ne3 f5 15. exf5 gxf5 16. Ne6 Bxe6 17. Bxe6 Rf6 18. Bb3 Rf8 19. Be6 Qc7 20. Qh5 N7g6 21. Bxe5 Bxe5 22. Bxf5 Nf4 23. Qh4 Qg7 24. g3 Bxb2 25. Rab1 Ne2+ 26. Kh1 Bd4 27. Bd3 Bxe3 28. fxe3 Nc3 29. Rbe1 Nd5 30. Rb1 Nc3 31. Rbe1 Nd5 32. c4 Ne7 33. Qd4 d5 34. Rf4 dxc4 35. Qxc4 Nd5 36. Rh4 h6 37. Kg1 Rae8 38. e4 Nf6 39. e5 Nd5 40. Qe4 Re6 41. Rg4 Qe7 42. Rg6 Rxg6 43. Qxg6 Qg7 44. Qd6 Qe7 45. Qg6 Qg7 46. Qd6 Nc7 47. e6 Ne8 48. Qb4 a5 49. Qh4 Nc7 50. e7 Re8 51. Kh1 Nd5 52. Re6 Nxe7 53. Rxh6+ Kg8 54. Bh7+ Kf7 55. Qf4+ 1-0

[Event "GRENKE Chess Open 2024"]
[Site "Karlsruhe"]
[Date "2024.03.29"]
[Round "3.32"]
[White "Mirimanian, Hayk"]
[Black "Durak, Can"]
[Result "1-0"]
[WhiteElo "2283"]
[BlackElo "2450"]
[Annotator "TA"]
[PlyCount "59"]
[EventDate "2024.03.28"]
[EventType "swiss"]
[EventCountry "GER"]
[SourceTitle "playchess.com"]
[Source "ChessBase"]
[SourceQuality "1"]

1. e4 c5 2. Nf3 Nc6 3. Bb5 e6 4. Bxc6 bxc6 5. d3 Ne7 6. Qe2 Ng6 7. h4 h5 8. e5 f6 9. Qe4 Kf7 10. Na3 Qc7 11. Nc4 Ba6 12. Bf4 Nxf4 13. Qxf4 Be7 14. O-O-O Raf8 15. Rhg1 Ke8 16. Qe3 fxe5 17. Ncxe5 Bd6 18. d4 Rf5 19. Rge1 c4 20. Nd2 Kd8 21. g3 Be7 22. f4 Qa5 23. Kb1 Qa4 24. Nxd7 Ra5 25. Nc5 Qxa2+ 26. Kc1 Rb5 27. Qc3 Rh6 28. Nxc4 Rb8 29. Ne5 Bxc5 30. dxc5+ 1-0

[Event "GRENKE Chess Open 2024"]
[Site "Karlsruhe"]
[Date "2024.03.29"]
[Round "3.33"]
[White "Viennot, Dylan"]
[Black "Fromm, Marius"]
[Result "0-1"]
[WhiteElo "2276"]
[BlackElo "2445"]
[Annotator "RC"]
[PlyCount "66"]
[EventDate "2024.03.28"]
[EventType "swiss"]
[EventCountry "GER"]
[SourceTitle "playchess.com"]
[Source "ChessBase"]
[SourceQuality "1"]

1. Nf3 Nf6 2. e3 c5 3. d4 g6 4. dxc5 Qa5+ 5. Nbd2 Qxc5 6. a3 Bg7 7. b4 Qc7 8. Bb2 O-O 9. c4 b6 10. Be2 Bb7 11. O-O d6 12. Nd4 Nbd7 13. Nb5 Qb8 14. Qb3 Rc8 15. Rac1 a6 16. Nc3 Ra7 17. Rfd1 Ba8 18. Nf3 Rac7 19. Nd4 e6 20. Nf3 d5 21. cxd5 Nxd5 22. Nb1 a5 23. Rxc7 Qxc7 24. Bxg7 Kxg7 25. Nd4 axb4 26. axb4 N7f6 27. Bf1 Ng4 28. g3 Ndxe3 29. Ba6 Nxd1 30. Bxc8 Qc1 31. Ne2 Qxc8 32. Nd4 Qc7 33. Ne2 Qc8 0-1

[Event "GRENKE Chess Open 2024"]
[Site "Karlsruhe"]
[Date "2024.03.29"]
[Round "3.34"]
[White "Casadio, Niccolo`"]
[Black "Finek, Vaclav"]
[Result "0-1"]
[WhiteElo "2274"]
[BlackElo "2436"]
[Annotator "TA"]
[PlyCount "70"]
[EventDate "2024.03.28"]
[EventType "swiss"]
[EventCountry "GER"]
[SourceTitle "playchess.com"]
[Source "ChessBase"]
[SourceQuality "1"]

1. e4 c5 2. Nf3 g6 3. d4 cxd4 4. Nxd4 Bg7 5. c4 Nc6 6. Be3 Nf6 7. Nc3 O-O 8. Be2 d6 9. O-O Bd7 10. h3 Nxd4 11. Bxd4 Bc6 12. Qc2 a5 13. Rad1 a4 14. Rfe1 Qa5 15. Nd5 Nxd5 16. exd5 Bxd4 17. dxc6 bxc6 18. Bf3 Rab8 19. b3 axb3 20. axb3 e5 21. Bxc6 Rfc8 22. Bf3 d5 23. Rb1 dxc4 24. bxc4 Rb2 25. Qe4 Rxf2 26. Kh2 Rxc4 27. Rb7 Rc7 28. Rb8+ Kg7 29. Rd1 Rd2 30. Rdb1 Rc4 31. Ra8 Qc5 32. Qe1 Bc3 33. Qf1 e4 34. Be2 Be5+ 35. Kh1 Rxe2 0-1

[Event "GRENKE Chess Open 2024"]
[Site "Karlsruhe"]
[Date "2024.03.29"]
[Round "3.35"]
[White "Ben Ari, Yannay"]
[Black "Wong, Gengchun"]
[Result "1/2-1/2"]
[WhiteElo "2434"]
[BlackElo "2283"]
[Annotator "TA"]
[PlyCount "83"]
[EventDate "2024.03.28"]
[EventType "swiss"]
[EventCountry "GER"]
[SourceTitle "playchess.com"]
[Source "ChessBase"]
[SourceQuality "1"]

1. Nf3 d5 2. g3 Nd7 3. d4 Nb6 4. Nc3 Nf6 5. Bg2 Bf5 6. a4 a5 7. Nh4 e6 8. Nxf5 exf5 9. Qd3 g6 10. f3 Bg7 11. e4 fxe4 12. fxe4 dxe4 13. Nxe4 O-O 14. Bg5 h6 15. Bxf6 Bxf6 16. c3 Bg7 17. O-O c6 18. g4 Qh4 19. Qg3 Qxg3 20. hxg3 Nd5 21. Rae1 Rfd8 22. Nc5 b6 23. Nd3 Ra7 24. Bxd5 Rxd5 25. Re8+ Kh7 26. Rb8 c5 27. Rxb6 cxd4 28. c4 Rg5 29. c5 Rxg4 30. Rf3 Re4 31. c6 Rc7 32. b4 axb4 33. a5 b3 34. Rb7 b2 35. Nxb2 Rxc6 36. Rfxf7 Rc1+ 37. Kg2 Re2+ 38. Rf2 Rxf2+ 39. Kxf2 Ra1 40. Nc4 Ra2+ 41. Kf3 d3 42. Rd7 1/2-1/2

[Event "GRENKE Chess Open 2024"]
[Site "Karlsruhe"]
[Date "2024.03.29"]
[Round "3.36"]
[White "Mohamed Anees M"]
[Black "Krstulovic, Alex"]
[Result "1/2-1/2"]
[WhiteElo "2271"]
[BlackElo "2431"]
[Annotator "TA"]
[PlyCount "38"]
[EventDate "2024.03.28"]
[EventType "swiss"]
[EventCountry "GER"]
[SourceTitle "playchess.com"]
[Source "ChessBase"]
[SourceQuality "1"]

1. e4 c6 2. Nf3 d5 3. d3 g6 4. Nbd2 Bg7 5. g3 e5 6. Bg2 Ne7 7. O-O O-O 8. Re1 d4 9. a4 c5 10. Nc4 Nbc6 11. Rf1 h6 12. Ne1 f5 13. exf5 Nxf5 14. Nf3 Nd6 15. Nxd6 Qxd6 16. Nd2 Be6 17. Ne4 Qe7 18. Qe2 Rad8 19. b3 b6 1/2-1/2

[Event "GRENKE Chess Open 2024"]
[Site "Karlsruhe"]
[Date "2024.03.29"]
[Round "3.37"]
[White "Rosner, Jonas"]
[Black "Janeczko, Jakub"]
[Result "1-0"]
[WhiteElo "2431"]
[BlackElo "2278"]
[Annotator "TA"]
[PlyCount "39"]
[EventDate "2024.03.28"]
[EventType "swiss"]
[EventCountry "GER"]
[SourceTitle "playchess.com"]
[Source "ChessBase"]
[SourceQuality "1"]

1. c4 c5 2. Nf3 Nf6 3. Nc3 Nc6 4. e3 g6 5. d4 cxd4 6. exd4 d5 7. cxd5 Nxd5 8. Qb3 Nxc3 9. Bc4 e6 10. bxc3 Bd7 11. Be2 Qc7 12. O-O Rc8 13. Re1 Bd6 14. Bh6 Na5 15. Qb1 Qxc3 16. Bb5 Qb4 17. Bxd7+ Kxd7 18. Ne5+ Ke8 19. Qe4 Nc6 20. Nxf7 1-0

[Event "GRENKE Chess Open 2024"]
[Site "Karlsruhe"]
[Date "2024.03.29"]
[Round "3.38"]
[White "Toktomushev, Teimur"]
[Black "Abel, Dennes"]
[Result "0-1"]
[WhiteElo "2268"]
[BlackElo "2427"]
[Annotator "RC"]
[PlyCount "56"]
[EventDate "2024.03.28"]
[EventType "swiss"]
[EventCountry "GER"]
[SourceTitle "playchess.com"]
[Source "ChessBase"]
[SourceQuality "1"]

1. d4 Nf6 2. c4 g6 3. Nc3 Bg7 4. e4 d6 5. f3 O-O 6. Be3 c5 7. Nge2 Nc6 8. d5 Na5 9. Ng3 a6 10. Be2 b5 11. cxb5 axb5 12. Bxb5 Ba6 13. Bxa6 Rxa6 14. b3 Ng4 15. Bd2 Ne3 16. Qe2 Nc2+ 17. Kf1 Nxb3 18. Rb1 Nxd2+ 19. Qxd2 Nd4 20. Kf2 Ra3 21. Nce2 Qa8 22. Nc1 c4 23. Nge2 Qa7 24. Nxd4 Bxd4+ 25. Kf1 Be3 26. Qe2 Bxc1 27. Rxc1 Rxa2 28. Qe1 Rb8 0-1

[Event "GRENKE Chess Open 2024"]
[Site "Karlsruhe"]
[Date "2024.03.29"]
[Round "3.39"]
[White "Vandenbussche, Thibaut"]
[Black "Heinrich, John"]
[Result "1-0"]
[WhiteElo "2427"]
[BlackElo "2275"]
[Annotator "TA"]
[PlyCount "53"]
[EventDate "2024.03.28"]
[EventType "swiss"]
[EventCountry "GER"]
[SourceTitle "playchess.com"]
[Source "ChessBase"]
[SourceQuality "1"]

1. e4 c5 2. Nf3 d6 3. Bb5+ Nd7 4. O-O a6 5. Bxd7+ Bxd7 6. c3 Nf6 7. Re1 e6 8. d4 Be7 9. e5 dxe5 10. dxe5 Nd5 11. c4 Nb6 12. Qc2 Bc6 13. Nbd2 Nd7 14. Ne4 h6 15. b3 g5 16. Bb2 g4 17. Nd6+ Bxd6 18. exd6 gxf3 19. Rxe6+ Kf8 20. Re7 Rg8 21. Qh7 Qxe7 22. Qxh6+ Ke8 23. dxe7 Kxe7 24. Qh4+ f6 25. Re1+ Kf7 26. Qh5+ Rg6 27. g3 1-0

[Event "GRENKE Chess Open 2024"]
[Site "Karlsruhe"]
[Date "2024.03.29"]
[Round "3.40"]
[White "von Mettenheim, Johannes"]
[Black "Divya Deshmukh"]
[Result "0-1"]
[WhiteElo "2265"]
[BlackElo "2424"]
[Annotator "TA"]
[PlyCount "104"]
[EventDate "2024.03.28"]
[EventType "swiss"]
[EventCountry "GER"]
[SourceTitle "playchess.com"]
[Source "ChessBase"]
[SourceQuality "1"]

1. d4 Nf6 2. c4 e6 3. Nf3 d5 4. g3 Bb4+ 5. Bd2 Be7 6. Bg2 O-O 7. O-O c6 8. Qb3 a5 9. Bf4 Nbd7 10. Rd1 h6 11. Qc2 b6 12. Ne5 Bb7 13. cxd5 cxd5 14. Nc6 Bxc6 15. Qxc6 Rc8 16. Qb5 Ne8 17. Nc3 f5 18. Rac1 g5 19. Bd2 Nd6 20. Qd3 Qe8 21. b3 Ne4 22. Be1 Bb4 23. Nb5 Rxc1 24. Rxc1 Bxe1 25. Rxe1 Ndc5 26. dxc5 Nxc5 27. Qe3 Qxb5 28. h4 f4 29. Qe5 fxg3 30. Qxg3 Qb4 31. Rd1 Qf4 32. hxg5 hxg5 33. Kh2 Kg7 34. e3 Rh8+ 35. Kg1 Qxg3 36. fxg3 Kf6 37. Rd4 Ra8 38. Kf2 a4 39. b4 Nb7 40. Rd2 Ke5 41. Rc2 Nd6 42. Rc6 b5 43. e4 dxe4 44. Ke2 Rh8 45. Rc5+ Kd4 46. Rxg5 Rh2 47. Kf1 e3 48. Bc6 Rxa2 49. Rg6 Kd3 50. Rxe6 Ra1+ 51. Kg2 e2 52. Rxd6+ Kc4 0-1

[Event "GRENKE Chess Open 2024"]
[Site "Karlsruhe"]
[Date "2024.03.29"]
[Round "3.41"]
[White "Kniest, Oliver"]
[Black "Gschnitzer, Adrian"]
[Result "1/2-1/2"]
[WhiteElo "2262"]
[BlackElo "2423"]
[Annotator "TA"]
[PlyCount "79"]
[EventDate "2024.03.28"]
[EventType "swiss"]
[EventCountry "GER"]
[SourceTitle "playchess.com"]
[Source "ChessBase"]
[SourceQuality "1"]

1. d4 d5 2. c4 e6 3. Nc3 a6 4. cxd5 exd5 5. Bf4 Nf6 6. e3 c5 7. dxc5 Bxc5 8. Nf3 Nc6 9. Be2 O-O 10. O-O d4 11. exd4 Nxd4 12. Nxd4 Bxd4 13. Bf3 Qb6 14. Na4 Qa7 15. Rc1 Be6 16. Rc2 Rad8 17. Rd2 Rd7 18. Qb1 Rfd8 19. Nc3 b5 20. Bc6 Bxc3 21. Rxd7 Bxd7 22. Bxd7 Nd5 23. bxc3 Nxf4 24. Qe4 Qc7 25. Bg4 g6 26. Rd1 Rxd1+ 27. Bxd1 Qxc3 28. g3 Qa1 29. Qc2 Nd5 30. Kg2 Nc3 31. Bf3 Kg7 32. Qd2 Nxa2 33. Bd5 Nc1 34. Qf4 Nd3 35. Qxf7+ Kh6 36. Qf8+ Qg7 37. Qa3 Qd4 38. Qf8+ Qg7 39. Qa3 Qd4 40. Qf8+ 1/2-1/2

[Event "GRENKE Chess Open 2024"]
[Site "Karlsruhe"]
[Date "2024.03.29"]
[Round "3.42"]
[White "Petkidis, Anthony"]
[Black "Lutz, Ruben"]
[Result "1/2-1/2"]
[WhiteElo "2423"]
[BlackElo "2270"]
[Annotator "TA"]
[PlyCount "92"]
[EventDate "2024.03.28"]
[EventType "swiss"]
[EventCountry "GER"]
[SourceTitle "playchess.com"]
[Source "ChessBase"]
[SourceQuality "1"]

1. e4 e6 2. d4 d5 3. e5 c5 4. c3 Nc6 5. Nf3 Qb6 6. a3 c4 7. Nbd2 Na5 8. Rb1 Bd7 9. h4 Ne7 10. h5 h6 11. b4 cxb3 12. Nxb3 Ba4 13. Nxa5 Qxa5 14. Qd2 Qc7 15. Qb2 O-O-O 16. Bd2 Kb8 17. Ba6 Bc6 18. a4 Nc8 19. a5 Ka8 20. Bd3 Qxa5 21. c4 Qa6 22. Ra1 Qb6 23. Qxb6 Nxb6 24. Ba5 Nxc4 25. Bxd8 Bb4+ 26. Ke2 Rxd8 27. Rhb1 Bc3 28. Ra2 b5 29. Rb3 b4 30. Ne1 a5 31. Bxc4 dxc4 32. Rxa5+ Kb7 33. Rxc3 bxc3 34. Ke3 Kb6 35. Ra3 Kb5 36. Rxc3 Kb4 37. Rc1 Ba4 38. f3 Bb3 39. g4 Rd7 40. f4 Ka3 41. Nf3 Kb2 42. Kd2 Rc7 43. Rc3 Ra7 44. Rc1 Rc7 45. Rc3 Bd1 46. Ne1 Bb3 1/2-1/2